Actualidad del modo de producción asiático /
Guardado en:
| Autor principal: | |
|---|---|
| Formato: | Texto |
| Etiquetas: |
Agregar Etiqueta
Sin Etiquetas, Sea el primero en etiquetar este registro!
|
MARC
| LEADER | 00000 a a2200000 04500 | ||
|---|---|---|---|
| 001 | 45383 | ||
| 003 | |||
| 040 | |||
| 090 | |a REV0780 (4)1977 | ||
| 100 | |a González Davison, Fernando | ||
| 245 | |a Actualidad del modo de producción asiático / |c Fernando González Davison | ||
| 773 | |g número4, II Epoca (Julio - Diciembre, 1977), páginas 105-116. | ||
| 999 | |c 40094 |d 40094 | ||
